| 000 | 00843nam a2200289Ia 4500 | ||
|---|---|---|---|
| 001 | Z_5284 | ||
| 003 | CHAP | ||
| 008 | 220113s2005 xx 000 0 und d | ||
| 010 | _a168348 | ||
| 040 | _cCHAP | ||
| 090 | _aTesis C 1886 | ||
| 100 |
_aCruz Salas, Carla Norma _929579 |
||
| 245 |
_aSincronización de estros en vacas Holstein con problemas reproductivos / _cCarla Norma Cruz Salas |
||
| 260 |
_aChapingo, Méx. : _bEl autor, _c2005 |
||
| 300 | _a40 h. | ||
| 502 | _aTesis (Ing. Agr. Esp. en Zootecnia) -- UACH. Departamento de Zootecnia. | ||
| 650 |
_aGanado Holstein _945133 |
||
| 650 |
_aGanado vacuno _xReproducción _945510 |
||
| 650 |
_aProgesterona _992245 |
||
| 650 |
_aSincronización del celo _9106556 |
||
| 901 | _aTESIS C 1886 | ||
| 902 | _aM | ||
| 910 | _a2005 | ||
| 942 | _c2 | ||
| 942 | _c2 | ||
| 999 |
_c168348 _d168348 |
||